|
|
|
|
| LEADER |
03659nam a22003973i 4500 |
| 001 |
EBC30686111 |
| 003 |
MiAaPQ |
| 005 |
20231204023231.0 |
| 006 |
m o d | |
| 007 |
cr cnu|||||||| |
| 008 |
231204s2008 xx o ||||0 eng d |
| 020 |
|
|
|a 9783631753637
|q (electronic bk.)
|
| 020 |
|
|
|z 9783631576595
|
| 035 |
|
|
|a (MiAaPQ)EBC30686111
|
| 035 |
|
|
|a (Au-PeEL)EBL30686111
|
| 035 |
|
|
|a (OCoLC)1399167936
|
| 040 |
|
|
|a MiAaPQ
|b eng
|e rda
|e pn
|c MiAaPQ
|d MiAaPQ
|
| 082 |
0 |
|
|a 362.563
|
| 100 |
1 |
|
|a Misselhorn, Mark.
|
| 245 |
1 |
0 |
|a Measurement of Poverty, Undernutrition and Child Mortality.
|
| 250 |
|
|
|a 1st ed.
|
| 264 |
|
1 |
|a Frankfurt a.M. :
|b Peter Lang GmbH, Internationaler Verlag der Wissenschaften,
|c 2008.
|
| 264 |
|
4 |
|c Ã2009.
|
| 300 |
|
|
|a 1 online resource (158 pages)
|
| 336 |
|
|
|a text
|b txt
|2 rdacontent
|
| 337 |
|
|
|a computer
|b c
|2 rdamedia
|
| 338 |
|
|
|a online resource
|b cr
|2 rdacarrier
|
| 490 |
1 |
|
|a Goettinger Studien Zur Entwicklungsoekonomik / Goettingen Studies in Development Economics Series ;
|v v.24
|
| 505 |
0 |
|
|a Cover -- List of Tables -- List of Figures -- Introduction and Overview -- 1 The Semi-Elasticity of Poverty Reduction -- 1.1 Introduction -- 1.2 Influence of Income and Distribution Changes -- 1.3 Growth Elasticity versus Semi-Elasticity -- 1.4 Empirical Results -- 1.5 Conclusion -- 2 Undernutrition and the Nutrition Transition -- 2.1 Introduction -- 2.2 Data -- 2.3 The new WHO Child Growth Standard -- 2.4 The Nutrition Transition -- 2.5 Results -- 2.5.1 The theoretical composition of the underweight indicator -- 2.5.2 The empirical composition of the underweight indicator -- 2.5.3 The Composition of Undernutrition across countries -- 2.5.4 Composition of Undernutrition across subgroups -- 2.5.5 Changes in Undernutrition over Time -- 2.6 Conclusion -- 3 A Regional Puzzle of Child Mortality and Undernutrition -- 3.1 Introduction -- 3.1.1 Child Mortality and Undernutrition -- 3.1.2 The South Asia - Sub-Saharan Africa Enigma -- 3.2 Methodology -- 3.2.1 Multilevel Analysis -- 3.2.2 The Basic Multilevel Model -- 3.2.3 Model Specification -- 3.3 Empirical Analysis -- 3.3.1 Data Description -- 3.3.2 Descriptive Statistics -- 3.3.3 Regression Results -- 3.3.4 Simulations -- 3.4 Conclusion -- 4 A Human Development Index by Income Groups -- 4.1 Introduction -- 4.2 Methodology -- 4.2.1 General idea and overview -- 4.2.2 Imputing income for DHS households -- 4.2.3 Calculating the life expectancy index by income quintiles -- 4.2.4 Calculating the education index by income quintiles -- 4.2.5 Calculating the GDP index by income quintiles -- 4.2.6 Calculating the overall HDI and the HDI by income quintiles -- 4.2.7 Calculating the HDI by income quintiles for OECD countries -- 4.3 Illustrating sample of countries -- 4.4 Results -- 4.5 Limits of the approach -- 4.6 Conclusion -- Appendix B -- Appendix C -- Appendix D -- Bibliography.
|
| 588 |
|
|
|a Description based on publisher supplied metadata and other sources.
|
| 590 |
|
|
|a Electronic reproduction. Ann Arbor, Michigan : ProQuest Ebook Central, 2023. Available via World Wide Web. Access may be limited to ProQuest Ebook Central affiliated libraries.
|
| 655 |
|
4 |
|a Electronic books.
|
| 776 |
0 |
8 |
|i Print version:
|a Misselhorn, Mark
|t Measurement of Poverty, Undernutrition and Child Mortality
|d Frankfurt a.M. : Peter Lang GmbH, Internationaler Verlag der Wissenschaften,c2008
|z 9783631576595
|
| 797 |
2 |
|
|a ProQuest (Firm)
|
| 830 |
|
0 |
|a Goettinger Studien Zur Entwicklungsoekonomik / Goettingen Studies in Development Economics Series
|
| 856 |
4 |
0 |
|u https://ebookcentral.proquest.com/lib/matrademy/detail.action?docID=30686111
|z Click to View
|